Bengal nawābs, containing Āzād-āl-Husaini’s Naubahār-i-Murshid Quli Khāni, Karam ʻAli’s Muzaffarnamah, and Yusuf ʻAli’s Āhwāl-i-Mahābat Jang / / (Record no. 19070)

MARC details
000 -LEADER
fixed length control field 01321nam a2200313 a 4500
005 - DATE AND TIME OF LATEST TRANSACTION
control field 20080811105156.0
008 - FIXED-LENGTH DATA ELEMENTS--GENERAL INFORMATION
fixed length control field 070914s2007 ii b 001 0 eng
010 ## - LCCN (DPL NO)
LC control number ENG-91811
020 ## - INTERNATIONAL STANDARD BOOK NUMBER
Terms of availability 200.00
035 ## - SYSTEM CONTROL NUMBER
System control number EN-75344
037 ## - SOURCE OF ACQUISITION
Source of stock number/acquisition DBAD / PUB
040 ## - CATALOGING SOURCE
Original cataloging agency dpl
Language of cataloging English
082 ## - DEWEY DECIMAL CLASSIFICATION NUMBER
Classification number 954.52
245 ## - TITLE STATEMENT
Title Bengal nawābs, containing Āzād-āl-Husaini’s Naubahār-i-Murshid Quli Khāni, Karam ʻAli’s Muzaffarnamah, and Yusuf ʻAli’s Āhwāl-i-Mahābat Jang / /
Statement of responsibility, etc translated into English by Jadu Nath Sarkar
260 ## - PUBLICATION, DISTRIBUTION, ETC. (IMPRINT)
Place of publication, distribution, etc Kolkata :
Name of publisher, distributor, etc The Asiatic Society,
Date of publication, distribution, etc 2008(repr.).
270 ## - ADDRESS
Address 1 Park Street
City Kolkata
Postal code 700016
300 ## - PHYSICAL DESCRIPTION
Extent ii, 156p.
Dimensions 24 cm (Hb)
490 ## - SERIES STATEMENT
Series statement Sir William Jones bicentenary series
500 ## - GENERAL NOTE
General note Reprint. Originally published: 1952.
546 ## - LANGUAGE NOTE
Language note Includes words in Bengali and Sanskrit
Information code or alphabet (roman)
651 ## - SUBJECT ADDED ENTRY--GEOGRAPHIC NAME
Geographic name Bengal (India)
General subdivision Politics and government.
700 ## - ADDED ENTRY--PERSONAL NAME
Personal name Sarkar, Jadu Nath
Titles and other words associated with a name Sir,
Dates associated with a name 1870-1958.
700 ## - ADDED ENTRY--PERSONAL NAME
Personal name Āzād-āl-Husaini.
700 ## - ADDED ENTRY--PERSONAL NAME
Personal name Karam ʻAli.
700 ## - ADDED ENTRY--PERSONAL NAME
Personal name Yusuf ʻAli.
710 ## - ADDED ENTRY--CORPORATE NAME
Corporate name or jurisdiction name as entry element Asiatic Society (Calcutta, India)
942 ## - ADDED ENTRY ELEMENTS (KOHA)
Source of classification or shelving scheme Dewey Decimal Classification
Item type English Books
Call number suffix BEN
Classification part 954.52
Holdings
Withdrawn status Lost status Source of classification or shelving scheme Damaged status Not for loan Collection code Home library Current library Date acquired Source of acquisition Cost, normal purchase price Total Checkouts Full call number Barcode Date last seen Copy number Cost, replacement price Koha item type
    Dewey Decimal Classification   Not For Loan Non-fiction D.B.Act.Division D.B.Act.Division 25/11/2008 DBAD / PUB 200.00   954.52 BEN EN-75344 25/11/2008 1 200.00 English Books

© Delhi Public Library
Hit Counter
free hit counter